Design engineering : AKT Adams Kara Taylor (Record no. 10364)

000 -LEADER
fixed length control field 00409nam a2200169Ia 4500
003 - CONTROL NUMBER IDENTIFIER
control field OSt
005 - DATE AND TIME OF LATEST TRANSACTION
control field 20220315163846.0
008 - FIXED-LENGTH DATA ELEMENTS--GENERAL INFORMATION
fixed length control field 220308s9999 xx 000 0 und d
020 ## - INTERNATIONAL STANDARD BOOK NUMBER
International Standard Book Number 9788496540668
082 ## - DEWEY DECIMAL CLASSIFICATION NUMBER
Classification number 721
Item number HAN
100 ## - MAIN ENTRY--PERSONAL NAME
Personal name  Hanif Kara 
245 #0 - TITLE STATEMENT
Title Design engineering : AKT Adams Kara Taylor
260 ## - PUBLICATION, DISTRIBUTION, ETC. (IMPRINT)
Name of publisher, distributor, etc  ‎ ActarD Inc (27 October 2008)
365 ## - TRADE PRICE
Price type code GBP
365 ## - TRADE PRICE
Unit of pricing 28
942 ## - ADDED ENTRY ELEMENTS (KOHA)
Source of classification or shelving scheme
Holdings
Withdrawn status Lost status Source of classification or shelving scheme Damaged status Koha normalized classification for sorting Not for loan Permanent location Current location Date acquired Source of acquisition Cost, normal purchase price Total Checkouts Full call number Barcode Date last seen Date last borrowed Cost, replacement price Price effective from Koha item type
        721_000000000000000_HAN   BMS College of Architecture, Design and Planning BMS College of Architecture, Design and Planning 2022-03-15 1 2099.16 2 721 HAN AR-UG2531 2024-05-04 2023-10-20 2998.80 2022-03-15 UG Books
Copyright © 2025, The Librarian, Library and Information Centre, BMSCA D&P, Bengaluru. All Rights Reserved
web counter

Powered by Koha